https://drive.google.com/file/d/1RhiDEbXw9zrcHSIySsXdXl6X-5O5zcyD/view?usp=sharing (Record no. 9027)

MARC details
000 -LEADER
fixed length control field 00496nam a2200181 a 4500
082 00 - DEWEY DECIMAL CLASSIFICATION NUMBER
Classification number 230
Author Cutter TIL2
100 ## - MAIN ENTRY--AUTHOR NAME
Author name Tillich, Paul
245 ## - TITLE STATEMENT
Title https://drive.google.com/file/d/1RhiDEbXw9zrcHSIySsXdXl6X-5O5zcyD/view?usp=sharing
260 ## - PUBLICATION, DISTRIBUTION, ETC. (IMPRINT)
Place of publication Chicago
Name of publisher University of Chicago Press
Year of publication 1951
300 ## - PHYSICAL DESCRIPTION
Number of Pages 300p
500 ## - GENERAL NOTE
General note includes index and biblioraphy
505 2# - FORMATTED CONTENTS NOTE
Formatted contents note Index
650 ## - SUBJECT ADDED ENTRY--TOPICAL TERM
Topical Term Theology
650 ## - SUBJECT ADDED ENTRY--TOPICAL TERM
Topical Term Theology-God
650 ## - SUBJECT ADDED ENTRY--TOPICAL TERM
Topical Term Theology-Revelation
942 ## - ADDED ENTRY ELEMENTS (KOHA)
Koha item type Books
700 1# -
-- Tillich, Paul
Holdings
Home library Current library Date acquired Cost, normal purchase price Full call number Accession Number Koha item type
Henry Martyn Institute Library Henry Martyn Institute Library 06/12/2007 100.00 230 TIL2 014883 E-Books
                   Copyright © 2026 | Henry Martyn Institute | Hyderabad | TS-500052 | INDIA | Implemented by hmi.edu.in
Hit-Count:

Powered by Koha